书目信息 |
| 题名: |
大学生毕业设计指导教程
|
|
| 作者: | 刘道德 编著 | |
| 分册: | 冶金、选矿、化工分册 | |
| 出版信息: | 长沙 中南大学出版社 2004.01 |
|
| 页数: | 448页 | |
| 开本: | 23cm | |
| 丛书名: | ||
| 单 册: | ||
| 中图分类: | G642.477 | |
| 科图分类: | ||
| 主题词: | 毕业设计--高等学校--教学参考资料 , 冶金工业--毕业设计--高等学校--教学参考资料 , 选矿--毕业设计--高等学校--教学参考资料 , 化学工业--毕业设计--高等学校--教学参考资料 | |
| 电子资源: | ||
| ISBN: | 7-81061-826-1 | |
| 000 | 01077nam0 2200265 450 | |
| 001 | 010563638000 | |
| 005 | 20050404173452.40 | |
| 010 | @a7-81061-826-1@dCNY36.00 | |
| 100 | @a20050404d2004 km y0chiy0120 ea | |
| 101 | 0 | @achi |
| 102 | @aCN@b430000 | |
| 105 | @ay z 000yy | |
| 200 | 1 | @a大学生毕业设计指导教程@Ada xue sheng bi ye she ji zhi dao jiao cheng@i冶金、选矿、化工分册@f刘道德等编著@Fliu dao de deng bian zhu |
| 210 | @a长沙@c中南大学出版社@d2004.01 | |
| 215 | @a448页@d23cm | |
| 330 | @a本书详细阐述了选矿、冶金、化工等专业毕业设.计的内容、写作要求、绘图标准、文字符号规范以及管理组织指导机构,并结合各专业的特点列举了八篇毕业设计实例。 | |
| 517 | 1 | @a冶金、选矿、化工分册@Aye jin、xuan kuang、hua gong fen ce |
| 606 | 0 | @a毕业设计@x高等学校@x教学参考资料 |
| 606 | 0 | @a冶金工业@x毕业设计@x高等学校@x教学参考资料 |
| 606 | 0 | @a选矿@x毕业设计@x高等学校@x教学参考资料 |
| 606 | 0 | @a化学工业@x毕业设计@x高等学校@x教学参考资料 |
| 690 | @aG642.477@v4 | |
| 701 | 0 | @a刘道德@Aliu dao de@4编著 |
| 801 | 0 | @aCN@bRULIN@c20050404 |
| 905 | @a10447@dG642.477@eL600 | |
| 大学生毕业设计指导教程.冶金、选矿、化工分册/刘道德等编著.-长沙:中南大学出版社,2004.01 |
| 448页;23cm |
| ISBN 7-81061-826-1:CNY36.00 |
| 本书详细阐述了选矿、冶金、化工等专业毕业设.计的内容、写作要求、绘图标准、文字符号规范以及管理组织指导机构,并结合各专业的特点列举了八篇毕业设计实例。 |
| ● |
| 相关链接 |
|
|
|
正题名:大学生毕业设计指导教程
索取号:G642.477/L600
 
预约/预借
| 序号 | 登录号 | 条形码 | 馆藏地/架位号 | 状态 | 备注 |
| 1 | 522436 | 205224363 | 社科库409/409社科库 11排2列1层/ [索取号:G642.477/L600] | 在馆 | |
| 2 | 522437 | 205224372 | 社科库409/409社科库 11排2列1层/ [索取号:G642.477/L600] | 在馆 | |
| 3 | 522438 | 205224381 | 社科库409/409社科库 11排2列1层/ [索取号:G642.477/L600] | 在馆 |